Sdělovací technika

Guardado en:
Detalles Bibliográficos
Formato: Seriadas
Publicado: 1985
Etiquetas: Agregar Etiqueta
Sin Etiquetas, Sea el primero en etiquetar este registro!

MARC

LEADER 00000nas a22000003a 4500
001 stu71630
005 20141121232738.1
008 011106s1985----------------------------d
040 |a STU  |b slo 
041 0
245 |a Sdělovací technika 
260 |c 1985 
500 |a 1985 
500 |a 12 
500 |a 1-12 
500 |a c-2867 
773 0 |t Sdělovací technika :  |w stu_us_cat*stu59081  |x 0036-9942  |7 nnas 
996 |d Roč. 33, 1985  |v Roč. 33  |y 1985  |l II680  |s A  |a 24  |w stu71630_0004